Reingeniería de procesos de negocios (Registro nro. 2344)
[ vista simple ]
| 000 -LEADER | |
|---|---|
| fixed length control field | 01148 a2200241 4500 |
| 001 - CONTROL NUMBER | |
| control field | 33384 |
| 005 - DATE AND TIME OF LATEST TRANSACTION | |
| control field | 20260407155626.0 |
| 008 - FIXED-LENGTH DATA ELEMENTS--GENERAL INFORMATION | |
| fixed length control field | 260407a1996 arg spa d |
| 003 - CONTROL NUMBER IDENTIFIER | |
| control field | AR-UNSa-BCEJYS |
| 040 ## - CATALOGING SOURCE | |
| Original cataloging agency | AR-UNSa-BCEJYS |
| Language of cataloging | spa |
| Transcribing agency | AR-UNSa-BCEJYS |
| 080 ## - UNIVERSAL DECIMAL CLASSIFICATION NUMBER | |
| Universal Decimal Classification number | 658.016.7 |
| Common auxiliary subdivision | Principios generales. Eficiencia. Racionalización. Productividad (Reingeniería) |
| 020 ## - INTERNATIONAL STANDARD BOOK NUMBER | |
| International Standard Book Number | 968-18-5162-5 |
| 100 1# - MAIN ENTRY--PERSONAL NAME | |
| Personal name | Johansson, Henry J. |
| 245 10 - TITLE STATEMENT | |
| Title | Reingeniería de procesos de negocios |
| 264 #1 - PRODUCTION, PUBLICATION, DISTRIBUTION, MANUFACTURE, AND COPYRIGHT NOTICE | |
| Place of production, publication, distribution, manufacture | México : |
| Name of producer, publisher, distributor, manufacturer | Limusa |
| Date of production, publication, distribution, manufacture, or copyright notice | 1996 |
| 300 ## - PHYSICAL DESCRIPTION | |
| Extent | 268 p. |
| Dimensions | 23 cm. |
| 505 ## - FORMATTED CONTENTS NOTE | |
| Formatted contents note | 1. ¿ Cuál es la nueva manera de pensar? - 2.¿ Por qué la nueva manera de pensar ? - 3. Comprensión de los procesos - 3. Comprensión de los procesos - 4. Pegando la vajilla de porcelana - 5. Búsqueda de innovación radical - 6. Los nuevos activos - 7. Administración de procesos en negocios grandes - 8. Organización y administración para alcanzar el éxito - 9. Conclusión - Apéndice: Trazo de mapas de procesos. |
| 590 ## - LOCAL NOTE (RLIN) | |
| Local note | niveau_biblio:m niveau_hierar:0 |
| 700 1# - ADDED ENTRY--PERSONAL NAME | |
| Personal name | McHugh, Patrick |
| 700 1# - ADDED ENTRY--PERSONAL NAME | |
| Personal name | Pendlebury, A. John |
| 700 1# - ADDED ENTRY--PERSONAL NAME | |
| Personal name | Wheeler, William A. III |
| 942 ## - ADDED ENTRY ELEMENTS (KOHA) | |
| Koha item type | |
| Withdrawn status | Lost status | Damaged status | Not for loan | Home library | Current library | Shelving location | Date acquired | Total checkouts | Full call number | Barcode | Date last seen | Price effective from | Koha item type |
|---|---|---|---|---|---|---|---|---|---|---|---|---|---|
| Biblioteca Prof. Eusebio Cleto del Rey | Biblioteca Prof. Eusebio Cleto del Rey | 07/04/2026 | 658.016.7 J65 | L69843 | 07/04/2026 | 07/04/2026 | Libro | ||||||
| Biblioteca Prof. Eusebio Cleto del Rey | Biblioteca Prof. Eusebio Cleto del Rey | 07/04/2026 | 658.016.7 J65 | L85047 | 07/04/2026 | 07/04/2026 | Libro |